History Quiz

Random History or War Quiz

World War II (A-Z) Quiz Stats

 Plays Quiz Updated Jul 30, 2015

Score 0/26 Timer 06:00
1 Play Today
Hint Answer % Correct
Largest network of Nazi Concentration camps; liberated by the Soviets in January of 1945Auschwitz
89%
Location of the post-war military tribunals that prosecuted alleged Nazi war criminalsNuremberg
77.7%
Site of the largest Jewish ghetto in EuropeWarsaw
76.2%
Site of the first amphibious battle of the Pacific war where American casualties exceeded those of the JapaneseIwo Jima
73%
Name given to the B-29 that dropped the first atomic bomb on HiroshimaEnola Gay
72.8%
First commander of the Afrika Korps; committed suicide in 1944Erwin Rommel
69.6%
Generic term used to describe German tanks and armorPanzer
67.6%
Mediterranean island invaded by German airborne troops in May of 1941Crete
66.8%
Normandy Invasion beach primarily assaulted by Canadian troops on June 6th, 1944Juno Beach
64.2%
Operation code name for the German invasion of the USSR in June of 1941Barbarossa
59.6%
Code name of the 1944 Normandy invasionOperation Overlord
53.4%
Seat of the P├ętain collaborationist government in France from 1940 - 1944Vichy
52.2%
Japanese puppet state that existed in Northern China from 1932 - 1945Manchukuo
49.2%
Hint Answer % Correct
Official nickname of the B-17; nearly 13,000 built during the warFlying Fortress
47.4%
Island site of the first major Allied offensive in the PacificGuadalcanal
41.7%
Japanese Commander-in-Chief of the Combined Fleet; present at Pearl Harbor and MidwayIsoroku Yamamoto
38.7%
Head of the collaborationist government in Norway; executed for treason in 1945Vidkun Quisling
30.3%
Site of the last German strategic offensive on the Eastern Front and largest tank battle in historyBattle of Kursk
29.9%
RAF fighter that accounted for 55% of all German losses during the Battle of BritainHawker Hurricane
29.5%
Most highly decorated general officer in Soviet history; present for the signing of the German instrument of surrenderGeorgy Zhukov
27%
Largest naval battle of the war; fought near the Philippines from October 23-26th, 1944Battle of Leyte Gulf
24.5%
Location of the August 1942 Allied amphibious assault on occupied FranceDieppe
20.4%
Mountain on which six U.S. Marines famously raised the American Flag on February 23rd, 1945Mount Suribachi
18.9%
Libyan port city besieged by Axis forces for 241 days in 1941; successfully relieved by the British Eighth Army during Operation CrusaderTobruk
18.5%
Codename for the British military intelligence obtained by breaking encrypted enemy communicationsULTRA
13.1%
Designator of the first class of the German elektroboats to become operationalType XXIII
1.9%

You're not logged in!

Compare scores with friends on all Sporcle quizzes.
Join for Free
OR
Log In

You Might Also Like...

Show Comments

Extras

Top Quizzes Today


Score Distribution

Your Account Isn't Verified!

In order to create a playlist on Sporcle, you need to verify the email address you used during registration. Go to your Sporcle Settings to finish the process.

Report this User

Report this user for behavior that violates our Community Guidelines.

Details: